000 00680nam a2200229Ia 4500
003 OSt
005 20230525112314.0
008 210423s2013 xx 000 0 und d
020 _a978-1-118-13124-4
040 _cAL
041 _aeng
082 _a660.6
_223
_bFLID
100 _aFLICKINGER (Michael C) Ed
_9113688
245 _aDownstream industrial biotechnology: recovery and purification
260 _aNew Jersey
_bJohn Wiley & Sons
_c2013
300 _axiv,858
_bHB
365 _b18589.91
_cUSD
650 _aBiotechnology
_9113689
650 _aTechnology
_9113690
906 _abiotechnology: ; Downstream ; industrial ; purification ; recovery
942 _2ddc
_cBK
999 _c167309
_d167309